000 01057cam a2200265 i 4500
999 _c8676
_d8676
003 OSt
005 20201209163342.0
008 161216s2017 ilu b s001 0 eng
010 _a 2016058037
020 _a9780252041129 (cloth : alk. paper)
020 _z9780252099687 (e-book)
040 _aDLC
_beng
_cDLC
_erda
_dDLC
042 _apcc
050 0 0 _aNA1123.N4
_bL47 2017
082 0 0 _a720.92
_223
100 1 _aLeslie, Thomas,
_d1967-
_eauthor.
245 1 0 _aBeauty's rigor :
_bpatterns of production in the work of Pier Luigi Nervi /
_cThomas Leslie.
300 _axvi, 210 pages ;
_c21 x 29 cm
504 _aIncludes bibliographical references and index.
600 1 0 _aNervi, Pier Luigi
_xCriticism and interpretation.
776 0 8 _iOnline version:
_aLeslie, Thomas, 1967- author.
_tBeauty's rigor
_dUrbana : University of Illinois Press, 2017
_z9780252099687
_w(DLC) 2016058952
906 _a7
_bcbc
_corignew
_d1
_eecip
_f20
_gy-gencatlg
942 _2ddc